000 00530nam a2200205Ia 4500
005 20260429112107.0
008 260429s9999||||xx |||||||||||||| ||und||
020 _a9781292450025
041 _aEnglish
082 _a658.4
_bROB
100 _aRobbins, Stephen P.
245 0 _aOrganizational behavior /
_cStephen P. Robbins
250 _a19th ed.
260 _aUnited Kingdom :
_bPearson,
_c2024.
300 _a798 p.; pbk
650 _a Organization
650 _aBehavior
700 _a Judge, Timothy A.
942 _cTB
999 _c52318
_d52318